000 00770nam a22003017a 4500
001 BR9508602
003 BR-BrBNA
005 20230928094741.0
007 ta
008 230509b bl.||||| |||| 00| 0 por d
040 _aBR-BrBNA
_bpor
_cBiblioteca Nacional de Agricultura
041 _a(Por)
072 _aQ60; E70
_b0430
090 _ 0430 BR9508602
100 1 _aClementino, M. do L.M.
245 1 _aO maquinista de algodao e o capital comercial
260 3 _aNatal, RN (Brasil):
_bUniversitaria,
_c1987.
300 _a271 p.
500 _a69 ref.
650 _aAlgodao
650 _aBeneficiamento
650 _aDescarocamento
650 _aMercado
650 _aVenda
650 _aCompra
909 _a202309
_bLucia
_c55
_dLucia Elande
942 _cBK
999 _c52431
_d52431